• 首页
  • 本馆介绍
  • 公告通知
  • 最新文献
  • 馆藏检索
  • 电子资源
  • 读者导购
  • 参考咨询
  • 我的图书馆
  • 登录
  • 详细信息显示
  • 放入我的书架
  • 预约/预借图书
  • 作者相关作品
  • 分类相关作品
  • 丛书相关作品
  • 出版社相关作品

书目信息

  • 表格格式
  • 工作单格式
  • 卡片格式
题名:
疯狂咖啡因
    
 
作者: 卡朋特 著 ;黄茂轩 , 刘宗为 译
分册:  
出版信息: 广州   广东人民出版社  2018.12
页数: 11, 264页
开本: 22cm
丛书名:
单 册:
中图分类: Q946.88-49
科图分类:
主题词: 咖啡因--ka fei yin--普及读物
电子资源:
ISBN: 978-7-218-13150-4
000 01367nam0 2200277 450
001 0106081807
005 20201106082043.0
010    @a978-7-218-13150-4@b精装@dCNY59.00
100    @a20190109d2018 em y0chiy50 ea
101 1  @achi@ceng
102    @aCN@b440000
105    @ay z 000yy
106    @ar
200 1  @a疯狂咖啡因@Afeng kuang ka fei yin@e日常习惯如何让我们得益、受害和沉迷@dCaffeinated@ehow our daily habit helps,hurts,and hooks us@f(美)默里·卡朋特著@g黄茂轩,刘宗为译@zeng
210    @a广州@c广东人民出版社@d2018.12
215    @a11, 264页@d22cm
330    @a本书作者卡朋特踏上这场惊奇、令人不安的旅程,尝试揭露高风险又朦胧的咖啡因世界,采访了危地马拉的咖啡庄园、中国的人造咖啡因工厂、纽泽西的提神饮料制造商等全球大量相关企业。作者不仅引用最新科学发现,还请出有趣的专家达人现身说法,最重要的是,让我们更清楚了解这个世代最爱的药物,懂得更聪明而审慎地使用它。
510 1  @aCaffeinated@ehow our daily habit helps, hurts, and hooks us@zeng
517 1  @a日常习惯如何让我们得益、受害和沉迷@Ari chang xi guan ru he rang wo men de yi 、shou hai he chen mi
606 0  @a咖啡因@Aka fei yin@j普及读物
690    @aQ946.88-49@v5
701  1 @c(美)@a卡朋特@Aka peng te@c(Carpenter, Murray)@4著
702  0 @a黄茂轩@Ahuang mao xuan@4译
702  0 @a刘宗为@Aliu zong wei@4译
801  0 @aCN@bBJSZM@c20201106
905    @b1191584-7@dQ946.88-49@e446@f4
    
    疯狂咖啡因:日常习惯如何让我们得益、受害和沉迷=Caffeinated:how our daily habit helps,hurts,and hooks us/(美)默里·卡朋特著/黄茂轩,刘宗为译.-广州:广东人民出版社,2018.12
    11, 264页;22cm
    
    
    ISBN 978-7-218-13150-4(精装):CNY59.00
    本书作者卡朋特踏上这场惊奇、令人不安的旅程,尝试揭露高风险又朦胧的咖啡因世界,采访了危地马拉的咖啡庄园、中国的人造咖啡因工厂、纽泽西的提神饮料制造商等全球大量相关企业。作者不仅引用最新科学发现,还请出有趣的专家达人现身说法,最重要的是,让我们更清楚了解这个世代最爱的药物,懂得更聪明而审慎地使用它。
●
相关链接 在E读中查询图书 在五车中查询图书 在当当中查询图书 在豆瓣中查询图书


正题名:疯狂咖啡因     索取号:Q946.88-49/446         预约/预借

序号 登录号 条形码 馆藏地/架位号 状态 备注
1 1191584   211915846   第二样本阅览室/ [索取号:Q946.88-49/446] 在馆    
2 1191585   211915855   第三借阅区/ [索取号:Q946.88-49/446] 在馆    
3 1191586   211915864   第三借阅区/ [索取号:Q946.88-49/446] 在馆    
4 1191587   211915873   第三借阅区/ [索取号:Q946.88-49/446] 在馆    
唐山师范学院图书馆 欢迎您!
大连网信软件有限公司© 版权所有